000 00790nam a2200205 i 4500
001 164042
003 ES-MaACL
005 20230906212848.0
008 980710m18971899sp |||| | spa d
040 _aAS
_bspa
_cAS
100 1 _aRovira y Rabassa, Antonio.
_9100161
245 1 0 _aEstereotomía de la piedra /
_cpor Antonio Rovira y Rabassa.
260 _aBarcelona :
_bLibrería y Estampería Artística,
_c1897-1899 (
_fImprenta de la Casa Provincial de Caridad)
300 _a4 v. :
_bil. ;
_c27, 34, cm.
505 8 _aContiene: [Texto] 2 v. (734 ; 343 p.) - Atlas 2 v. (56 ; 35 h. de lám.)
599 1 _aLas h. de lám.: "L. Palencia grabó"
650 4 _aPiedras de construcción.
_9161096
650 4 _aEstereotomía.
_9161097
852 _aES-MaACL
_jG-5414-17
_z-- Enc. hol.
999 _c164042
_d164042